Music Quiz

Random Music or Clickable Quiz

Music in Music Quiz Stats

 Plays Quiz Updated Sep 12, 2015

Challenge
Share
Tweet
Embed
Score 0/30 Timer 06:00
0 Plays Today
% Correct
Opera
97.5%
Country
92.7%
Jazz
92.2%
World
89.8%
Rock
87.9%
Funk
87.3%
Disco
85.2%
Swing
79.8%
Blues
77.2%
Metal
75.8%
Punk
75.2%
Dance
72.8%
House
70.9%
Reggae
70.5%
Honky Tonk
70.3%
% Correct
Gospel
70%
Rap
69.3%
Bop
63.2%
Boogie
62.1%
Soul
61.6%
Dixie
59.8%
Ragtime
58.7%
Hillbilly
47.8%
Lullaby
46.9%
Pop
46.1%
Garage
45%
Indie
42.7%
Folk
41.1%
Hip-Hop
41%
Dub
26.8%

You're not logged in!

Compare scores with friends on all Sporcle quizzes.
OR
Log In

You Might Also Like...

Show Comments

Extras

Top Quizzes Today


Score Distribution

Your Account Isn't Verified!

In order to create a playlist on Sporcle, you need to verify the email address you used during registration. Go to your Sporcle Settings to finish the process.

Report this User

Report this user for behavior that violates our Community Guidelines.

Details: